000 00652nam a2200193 a 4500
001 000043154
005 20201002040659.0
008 140220s2000 sp 001 0 spa d
020 _a8477370850
040 _aDO-SdBNP
_bspa
_cBNPHU
082 _axxx
_bxxx
100 1 _aGómez Porro, Francisco,
_d1958-
_970715
245 1 3 _aLa conquista de Madrid :
_bpaletos, provincianos e inmigrantes /
_cFrancisco Gómez-Porro.
260 _aMadrid :
_bSílex,
_c2000.
300 _a229 p. ;
_c22 cm.
490 1 _aBiblioteca de Madrid
_v2
500 _aIncluye datos biográficos del autor en la solapa de la cubierta
830 0 _aBiblioteca de Madrid ;
_n2
_970716
999 _c42643
_d42643